| 000 | 00414 a2200169 4500 | ||
|---|---|---|---|
| 003 | Nust | ||
| 005 | 20230215115229.0 | ||
| 040 | _cNust | ||
| 082 | _a297,TAG | ||
| 100 |
_aTaga, Abdul Hameed _9104807 |
||
| 245 |
_aIslami Talmat / _cAbdul Hameed Taga |
||
| 260 |
_aMulatan _bIsmail Brothe _61983 |
||
| 300 | _a379 p | ||
| 538 | _aAlmirah No.66, Shelf No.1 | ||
| 650 |
_aIslamic Studies _960719 |
||
| 942 |
_2ddc _cBK |
||
| 999 |
_c188035 _d188035 |
||